[Event "POL-ch Universities"]
[Site "Lublin"]
[Date "2024.02.24"]
[Round "9"]
[White "Klepek, Witold"]
[Black "Baum, Jonasz"]
[Result "1-0"]
[WhiteElo "2262"]
[BlackElo "2400"]
[PlyCount "109"]
[EventDate "2024.02.23"]
[EventType "swiss"]
[EventRounds "9"]
[EventCountry "POL"]
[SourceTitle "CB10_2024"]
[SourceDate "2024.03.06"]
[SourceVersion "1"]
[SourceVersionDate "2024.03.06"]
[SourceQuality "1"]

1. e4 c5 2. Nf3 d6 3. d4 cxd4 4. Nxd4 Nf6 5. Nc3 a6 6. Rg1 h5 7. Bg5 b5 8. Bd3 Bb7 9. a3 Nbd7 10. Qe2 g6 11. f4 Qb6 12. Nf3 Bg7 13. 0-0-0 0-0 14. e5 dxe5 15. fxe5 Nh7 16. e6 Qxe6 17. Qxe6 fxe6 18. Bxg6 Nxg5 19. Nxg5 Ne5 20. Be4 Bxe4 21. Ncxe4 Nc4 22. b3 Nxa3 23. Nxe6 Rfc8 24. N4c5 Rc6 25. Rd5 Rac8 26. Rg5 Kh8 27. Rxh5+ Kg8 28. Rg5 Kh8 29. Rh5+ Kg8 30. Rg5 Kh8 31. Rh5+ Kg8 32. Rf1 Bf6 33. Rf3 Rxe6 34. Nxe6 Rxc2+ 35. Kd1 Rb2 36. Nc7 a5 37. Nxb5 Nxb5 38. Rxb5 Ra2 39. Rd5 Kf7 40. Rd2 Ra1+ 41. Ke2 Ke6 42. Kf2 Bh4+ 43. g3 Bf6 44. h4 Rb1 45. Kg2 Rc1 46. Re2+ Kd7 47. Rf5 Bc3 48. Rb5 Bb4 49. h5 Rc6 50. g4 Ke8 51. Rf5 e6 52. Rf3 Ke7 53. g5 Rc5 54. Rg3 Bc3 55. Rc2 1-0

[Event "Titled Tuesday intern op 13th Feb Early"]
[Site "Chess.com INT"]
[Date "2024.02.13"]
[Round "4"]
[White "Baum, Jonasz"]
[Black "Szczepanek, Radoslaw"]
[Result "0-1"]
[WhiteElo "2400"]
[BlackElo "2205"]
[PlyCount "82"]
[EventDate "2024.02.13"]
[EventType "swiss (blitz)"]
[EventRounds "11"]
[EventCountry "USA"]
[SourceTitle "CB08_2024"]
[SourceDate "2024.02.21"]
[SourceVersion "1"]
[SourceVersionDate "2024.02.21"]
[SourceQuality "1"]

1. e4 c5 2. Nf3 Nc6 3. Nc3 e5 4. Bc4 Be7 5. d3 d6 6. 0-0 Nf6 7. a4 0-0 8. Bg5 h6 9. Bxf6 Bxf6 10. h3 Be6 11. Nd5 a6 12. c3 Kh7 13. Qd2 g6 14. b4 cxb4 15. cxb4 Bg7 16. b5 Nd4 17. Nxd4 exd4 18. bxa6 bxa6 19. Rab1 Rb8 20. a5 f5 21. Rxb8 Qxb8 22. Bxa6 Bxd5 23. exd5 f4 24. f3 Bf6 25. Bc4 Bh4 26. a6 Bg3 27. Ra1 Rf7 28. Qe2 Ra7 29. Qc2 Qe8 30. Rb1 Qe3+ 31. Kh1 Re7 32. Qc1 g5 33. Bb5 h5 34. Qd1 g4 35. fxg4 hxg4 36. Bc6 f3 37. Qf1 Qe2 38. hxg4 f2 39. a7 Qxf1+ 40. Rxf1 Re1 41. a8Q Rxf1# 0-1

[Event "Krakow op-A 34th"]
[Site "Krakow"]
[Date "2024.01.02"]
[Round "6"]
[White "Gkavardinas, Antonios"]
[Black "Baum, Jonasz"]
[Result "1/2-1/2"]
[WhiteElo "2141"]
[BlackElo "2421"]
[PlyCount "76"]
[EventDate "2023.12.27"]
[EventType "swiss"]
[EventRounds "9"]
[EventCountry "POL"]
[SourceTitle "CB02_2024"]
[SourceDate "2024.01.10"]
[SourceVersion "1"]
[SourceVersionDate "2024.01.10"]
[SourceQuality "1"]

1. e4 e5 2. Nf3 Nc6 3. Bc4 Bc5 4. d3 Nf6 5. 0-0 d6 6. c3 a5 7. Re1 Ba7 8. Nbd2 0-0 9. h3 Be6 10. Bb5 Ne7 11. d4 Ng6 12. Bf1 c6 13. a4 Qc7 14. Qc2 Rad8 15. Nc4 Bxc4 16. Bxc4 d5 17. exd5 cxd5 18. Bb3 e4 19. Nh2 Bb8 20. g3 Nh5 21. Nf1 f5 22. Bg5 Kh8 23. Bxd8 Qxd8 24. Qd1 Qg5 25. Kh1 Nhf4 26. Nh2 Nxh3 27. Rf1 Ne7 28. Qe2 Rf6 29. Qb5 Rf8 30. Bxd5 e3 31. Nf3 Qh6 32. Kg2 Nxf2 33. Rxf2 exf2 34. Kxf2 Qd6 35. Bxb7 Qxg3+ 36. Ke2 Qg2+ 37. Kd3 Ng6 38. Re1 Nf4+ 1/2-1/2

[Event "Titled Tuesday intern op 19th Dec Early"]
[Site "Chess.com INT"]
[Date "2023.12.19"]
[Round "3"]
[White "Baum, Jonasz"]
[Black "Tabatabaei, Mohammad Amin"]
[Result "1/2-1/2"]
[WhiteElo "2421"]
[BlackElo "2692"]
[PlyCount "99"]
[EventDate "2023.12.19"]
[EventType "swiss (blitz)"]
[EventRounds "11"]
[EventCountry "USA"]
[SourceTitle "CB52_2023"]
[SourceDate "2023.12.27"]
[SourceVersion "1"]
[SourceVersionDate "2023.12.27"]
[SourceQuality "1"]

1. d4 Nf6 2. c4 c6 3. Nf3 d5 4. Nbd2 Bf5 5. Nh4 Be4 6. Qb3 Qb6 7. c5 Qc7 8. Qg3 Qc8 9. f3 Bg6 10. e4 e6 11. e5 Nh5 12. Qf2 Be7 13. g4 Qd8 14. Ng2 Nf4 15. h4 Nd3+ 16. Bxd3 Bxd3 17. Nf4 Ba6 18. b4 b6 19. a4 Nd7 20. a5 bxc5 21. bxc5 Qc7 22. Bb2 Rb8 23. Bc3 0-0 24. Qe3 Rfd8 25. Kf2 Rb5 26. Nd3 Qc8 27. f4 f6 28. g5 fxe5 29. fxe5 Rf8+ 30. Kg3 Rb8 31. Raf1 Rxf1 32. Rxf1 Qe8 33. Qf3 Qg6 34. Nf4 Qf5 35. Ne2 Qxf3+ 36. Kxf3 Rf8+ 37. Ke3 Rxf1 38. Nxf1 Nf8 39. Nh2 Ng6 40. Nf3 h6 41. h5 Bxe2 42. hxg6 Bxf3 43. Kxf3 Bxg5 44. a6 Bd8 45. Kg4 Kf8 46. Kh5 Ke8 47. Bd2 Kf8 48. Bc3 Kg8 49. Bd2 Kf8 50. Bc3 1/2-1/2

[Event "Titled Tuesday intern op 19th Dec Early"]
[Site "Chess.com INT"]
[Date "2023.12.19"]
[Round "6"]
[White "Begunov, Konstantin"]
[Black "Baum, Jonasz"]
[Result "0-1"]
[WhiteElo "2325"]
[BlackElo "2421"]
[PlyCount "132"]
[EventDate "2023.12.19"]
[EventType "swiss (blitz)"]
[EventRounds "11"]
[EventCountry "USA"]
[SourceTitle "CB52_2023"]
[SourceDate "2023.12.27"]
[SourceVersion "1"]
[SourceVersionDate "2023.12.27"]
[SourceQuality "1"]

1. d4 e6 2. c4 b6 3. Nc3 Bb7 4. a3 Nf6 5. Bg5 Be7 6. Nf3 h6 7. Bh4 d5 8. e3 0-0 9. cxd5 Nxd5 10. Bxe7 Qxe7 11. Rc1 c5 12. dxc5 bxc5 13. Be2 Nd7 14. 0-0 Rab8 15. Qc2 Rfc8 16. Rfd1 c4 17. Nd4 Nxc3 18. Qxc3 Nb6 19. Qa5 Qg5 20. Qxg5 hxg5 21. Nb5 Ba6 22. Nd6 Rc6 23. b3 Rd8 24. Nxc4 Rxd1+ 25. Rxd1 Nxc4 26. Rc1 Nxa3 27. Rxc6 Bxe2 28. Rc8+ Kh7 29. Rc7 a6 30. Rxf7 Kg6 31. Rb7 Bb5 32. f3 Nb1 33. Kf2 Nd2 34. b4 Nb3 35. Rc7 Kf6 36. Rc3 Ba4 37. Ke2 e5 38. Kd3 Ke6 39. Kc4 Nd2+ 40. Kd3 Nf1 41. h3 Bb5+ 42. Kc2 e4 43. fxe4 Ng3 44. Rc7 g6 45. Kc3 Ke5 46. Re7+ Kf6 47. Ra7 Ne2+ 48. Kd2 Ng3 49. Kc3 Nxe4+ 50. Kd4 Ng3 51. e4 Ne2+ 52. Kd5 Nc3+ 53. Kd4 Ne2+ 54. Kd5 Nf4+ 55. Kd6 Nd3 56. g4 Ne5 57. Ra8 Nf7+ 58. Kd5 Bf1 59. Ra7 Bxh3 60. Rxa6+ Kg7 61. e5 Bxg4 62. Ra7 Kf8 63. e6 Nh6 64. Kd6 Nf5+ 65. Kd7 Nd4 66. Ra8+ Kg7 0-1

[Event "Warsaw Szansa blitz op"]
[Site "Warsaw"]
[Date "2023.09.16"]
[Round "9"]
[White "Baum, Jonasz"]
[Black "Gumularz, Szymon"]
[Result "0-1"]
[WhiteElo "2436"]
[BlackElo "2587"]
[PlyCount "82"]
[EventDate "2023.09.16"]
[EventType "swiss (blitz)"]
[EventRounds "13"]
[EventCountry "POL"]
[SourceTitle "EXT 2024"]
[Source "ChessBase"]
[SourceDate "2023.10.10"]
[SourceVersion "1"]
[SourceVersionDate "2023.10.10"]
[SourceQuality "1"]

1. e4 c6 2. d4 d5 3. e5 Bf5 4. h4 h5 5. c4 e6 6. Nc3 dxc4 7. Bxc4 Ne7 8. Nge2 Nd7 9. Ng3 Bg6 10. Be3 Nf5 11. Nxf5 Bxf5 12. Be2 Bg6 13. Qb3 Qb6 14. Qxb6 axb6 15. 0-0 b5 16. f3 Be7 17. g3 Nb6 18. Ne4 Nd5 19. Bd2 Ra4 20. Bc3 Nxc3 21. bxc3 Kd7 22. Bd1 Ra3 23. Bb3 Kc7 24. Rae1 b6 25. Rf2 Rd8 26. Ng5 c5 27. Bc2 Bxg5 28. Bxg6 fxg6 29. hxg5 Rxc3 30. dxc5 bxc5 31. Kg2 Kc6 32. Rb1 b4 33. Re1 Rd4 34. Ree2 Kd5 35. Re1 Rcd3 36. Ree2 c4 37. Rb2 c3 38. Rb3 Kc4 39. Rb1 Rd2 40. Kf1 c2 41. Rc1 Rd1+ 0-1

[Event "Ustron op-A"]
[Site "Ustron"]
[Date "2023.08.14"]
[Round "5"]
[White "Baum, Jonasz"]
[Black "Akbas, Umut Ata"]
[Result "1-0"]
[WhiteElo "2429"]
[BlackElo "2430"]
[PlyCount "77"]
[EventDate "2023.08.11"]
[EventType "swiss"]
[EventRounds "9"]
[EventCountry "POL"]
[SourceTitle "CBM 215 Extra"]
[Source "ChessBase"]
[SourceDate "2023.09.30"]
[SourceVersion "1"]
[SourceVersionDate "2023.09.30"]
[SourceQuality "1"]

1. e4 e5 2. Nf3 Nc6 3. Bb5 a6 4. Ba4 Nf6 5. 0-0 b5 6. Bb3 Bc5 7. a4 Rb8 8. c3 d6 9. d4 Bb6 10. a5 Ba7 11. h3 0-0 12. Be3 Ra8 13. Nbd2 h6 14. Qe2 Re8 15. Rfd1 exd4 16. cxd4 Nb4 17. e5 Nfd5 18. Ne4 Nxe3 19. fxe3 Bb7 20. Ng3 c5 21. dxc5 Bxc5 22. Nf5 Bxf3 23. Qxf3 Rxe5 24. Rxd6 Bxd6 25. Nxd6 Ra7 26. Nxf7 Qd3 27. Nxh6+ Kh7 28. Bg8+ Kh8 29. Nf7+ Kxg8 30. Nxe5 Qd6 31. Qf5 Re7 32. Rc1 Rc7 33. Rxc7 Qxc7 34. Qe6+ Kh7 35. Nf3 Qc1+ 36. Kh2 Qc7+ 37. Qe5 Qxa5 38. Qd6 g5 39. Ne5 1-0

[Event "Ustron op-A"]
[Site "Ustron"]
[Date "2023.08.12"]
[Round "2"]
[White "Cieslak, Patryk"]
[Black "Baum, Jonasz"]
[Result "1/2-1/2"]
[WhiteElo "2270"]
[BlackElo "2429"]
[PlyCount "66"]
[EventDate "2023.08.11"]
[EventType "swiss"]
[EventRounds "9"]
[EventCountry "POL"]
[SourceTitle "CBM 215 Extra"]
[Source "ChessBase"]
[SourceDate "2023.09.30"]
[SourceVersion "1"]
[SourceVersionDate "2023.09.30"]
[SourceQuality "1"]

1. e4 e5 2. Nf3 Nc6 3. Bb5 a6 4. Ba4 Nf6 5. 0-0 d6 6. Bxc6+ bxc6 7. d4 exd4 8. Nxd4 c5 9. Ne2 g6 10. f3 Bg7 11. Bg5 h6 12. Bd2 0-0 13. c4 Be6 14. Qc2 Nd7 15. Bc3 Bxc3 16. Qxc3 Qf6 17. Qxf6 Nxf6 18. b3 Nd7 19. Nbc3 Nb8 20. Kf2 Nc6 21. Ke3 Rfb8 22. Kd2 Kf8 23. h3 Rb7 24. f4 Kg7 25. Rf2 Bd7 26. Raf1 a5 27. f5 g5 28. Ng3 Ne5 29. Nh5+ Kf8 30. Nf6 Bc6 31. Ng4 a4 32. Nxe5 dxe5 33. Kc2 f6 1/2-1/2

[Event "Warsaw Maciei Memorial"]
[Site "Warsaw"]
[Date "2023.07.10"]
[Round "6"]
[White "Baum, Jonasz"]
[Black "Budzisz, Adrian"]
[Result "1-0"]
[WhiteElo "2420"]
[BlackElo "2037"]
[PlyCount "77"]
[EventDate "2023.07.10"]
[EventType "swiss (blitz)"]
[EventRounds "11"]
[EventCountry "POL"]
[SourceTitle "CBM 215 Extra"]
[Source "ChessBase"]
[SourceDate "2023.09.30"]
[SourceVersion "1"]
[SourceVersionDate "2023.09.30"]
[SourceQuality "1"]

1. d4 Nf6 2. c4 e6 3. Nc3 Bb4 4. g3 0-0 5. Bg2 d5 6. Nf3 c6 7. 0-0 dxc4 8. Ne5 Nd5 9. Bd2 Bxc3 10. bxc3 b5 11. a4 Bb7 12. h4 a6 13. h5 h6 14. Qc1 Nd7 15. Nxd7 Qxd7 16. e4 Nf6 17. e5 Nd5 18. Re1 Rac8 19. g4 Ne7 20. Bxh6 gxh6 21. Qxh6 c5 22. d5 Nxd5 23. Qg5+ Kh8 24. Rad1 f6 25. exf6 Qf7 26. Qh6+ Qh7 27. Qxh7+ Kxh7 28. Rxe6 Nxc3 29. Rd7+ Kh8 30. Bxb7 Rcd8 31. Rxd8 Rxd8 32. Bxa6 bxa4 33. Bxc4 a3 34. Ra6 Rd4 35. Ra8+ Kh7 36. f7 Rxg4+ 37. Kf1 Ne4 38. f8Q Nd2+ 39. Ke2 1-0

[Event "Warsaw Maciei Memorial"]
[Site "Warsaw"]
[Date "2023.07.10"]
[Round "11"]
[White "Baum, Jonasz"]
[Black "Cherniaiev, Tykhon"]
[Result "1/2-1/2"]
[WhiteElo "2420"]
[BlackElo "2331"]
[PlyCount "106"]
[EventDate "2023.07.10"]
[EventType "swiss (blitz)"]
[EventRounds "11"]
[EventCountry "POL"]
[SourceTitle "CBM 215 Extra"]
[Source "ChessBase"]
[SourceDate "2023.09.30"]
[SourceVersion "1"]
[SourceVersionDate "2023.09.30"]
[SourceQuality "1"]

1. d4 Nf6 2. c4 e6 3. Nc3 d5 4. cxd5 exd5 5. Bg5 Be7 6. e3 c6 7. Bd3 0-0 8. Nge2 h6 9. Bxf6 Bxf6 10. Qc2 a5 11. 0-0 Re8 12. Nf4 Nd7 13. a3 Nf8 14. Nce2 Ne6 15. Nxe6 Bxe6 16. Nf4 Qd6 17. Rae1 Bd7 18. Nh5 Be7 19. Ng3 Bf6 20. Nh5 Be7 21. Ng3 Bf6 22. Kh1 Rac8 23. Qd2 c5 24. Nf5 Bxf5 25. Bxf5 Ra8 26. dxc5 Qxc5 27. Rc1 Qd6 28. Rfd1 Qe5 29. Qxd5 Qxb2 30. Rc7 Re7 31. Rxe7 Bxe7 32. Rb1 Qxf2 33. Qxb7 Rf8 34. Qxe7 Qxf5 35. e4 Qf2 36. h3 a4 37. Qb4 Qc2 38. Rf1 Re8 39. Qd4 Qxe4 40. Qxe4 Rxe4 41. Rf3 f6 42. Rc3 Kf7 43. Rc7+ Kg6 44. Ra7 h5 45. Kg1 Rc4 46. Kf2 Kh6 47. Ra5 Rc2+ 48. Kg1 Rc4 49. Kf2 Kg6 50. Ke2 Rc2+ 51. Kf1 Rc4 52. Kf2 h4 53. Kf1 Rc2 1/2-1/2

[Event "Warsaw Maciei Memorial"]
[Site "Warsaw"]
[Date "2023.07.10"]
[Round "4"]
[White "Baum, Jonasz"]
[Black "Piorun, Kacper"]
[Result "0-1"]
[WhiteElo "2420"]
[BlackElo "2597"]
[PlyCount "88"]
[EventDate "2023.07.10"]
[EventType "swiss (blitz)"]
[EventRounds "11"]
[EventCountry "POL"]
[SourceTitle "CBM 215 Extra"]
[Source "ChessBase"]
[SourceDate "2023.09.30"]
[SourceVersion "1"]
[SourceVersionDate "2023.09.30"]
[SourceQuality "1"]

1. d4 g6 2. e4 Bg7 3. Nc3 d6 4. Be3 a6 5. f3 b5 6. Qd2 Bb7 7. Nge2 Nd7 8. g3 Ngf6 9. Bg2 0-0 10. Bh6 e5 11. Bxg7 Kxg7 12. d5 Qe7 13. Nd1 c6 14. dxc6 Bxc6 15. Ne3 Nb6 16. Nc3 b4 17. Ncd5 Bxd5 18. exd5 a5 19. 0-0 Na4 20. Rfb1 Nc5 21. Kh1 Nfd7 22. b3 f5 23. Nc4 h5 24. a3 h4 25. axb4 axb4 26. Qxb4 hxg3 27. hxg3 Qg5 28. Qe1 f4 29. g4 Nf6 30. Rxa8 Rxa8 31. Ra1 Rxa1 32. Qxa1 e4 33. Nxd6 exf3 34. Ne8+ Kf7 35. Nd6+ Ke7 36. Nc8+ Kf8 37. Bxf3 Qh4+ 38. Kg1 Qg3+ 39. Bg2 Nce4 40. Qa3+ Kg7 41. Qe7+ Kh6 42. Nd6 Qe1+ 43. Kh2 Nxg4+ 44. Kh3 Qg3# 0-1

[Event "Warsaw Maciei Memorial"]
[Site "Warsaw"]
[Date "2023.07.10"]
[Round "5"]
[White "Bazilius, Augustinas"]
[Black "Baum, Jonasz"]
[Result "0-1"]
[WhiteElo "2110"]
[BlackElo "2420"]
[PlyCount "100"]
[EventDate "2023.07.10"]
[EventType "swiss (blitz)"]
[EventRounds "11"]
[EventCountry "POL"]
[SourceTitle "CBM 215 Extra"]
[Source "ChessBase"]
[SourceDate "2023.09.30"]
[SourceVersion "1"]
[SourceVersionDate "2023.09.30"]
[SourceQuality "1"]

1. d4 e6 2. Nc3 d5 3. Bf4 Bb4 4. e3 c5 5. Bb5+ Bd7 6. Bxd7+ Nxd7 7. Nge2 Ngf6 8. a3 Bxc3+ 9. Nxc3 Rc8 10. 0-0 a6 11. Bd6 Qb6 12. dxc5 Nxc5 13. Bxc5 Qxc5 14. Qe2 0-0 15. Rfd1 Qc4 16. Qxc4 Rxc4 17. Rd4 Rxd4 18. exd4 Rc8 19. Rc1 Ne8 20. Ne2 Nd6 21. c3 Nc4 22. Rc2 f6 23. Nc1 Kf7 24. Kf1 e5 25. dxe5 fxe5 26. Ke2 Ke6 27. Nb3 b6 28. Nd2 Nd6 29. f3 g5 30. Rc1 h5 31. h4 gxh4 32. Rh1 Nf5 33. Kd3 Rg8 34. Rh2 b5 35. Nf1 d4 36. cxd4 exd4 37. Nd2 Ke5 38. Ne4 Kf4 39. Nf6 Rh8 40. Rh3 Rh6 41. Ne4 Rg6 42. Nc5 Rxg2 43. Ne6+ Ke5 44. Nc5 Rxb2 45. Nxa6 Rb3+ 46. Kd2 Rxa3 47. f4+ Kxf4 48. Rxa3 Ne3 49. Kd3 h3 50. Kxd4 Nc2+ 0-1

[Event "Warsaw Maciei Memorial"]
[Site "Warsaw"]
[Date "2023.07.10"]
[Round "3"]
[White "Mulawa, Cyprian"]
[Black "Baum, Jonasz"]
[Result "0-1"]
[WhiteElo "2202"]
[BlackElo "2420"]
[PlyCount "70"]
[EventDate "2023.07.10"]
[EventType "swiss (blitz)"]
[EventRounds "11"]
[EventCountry "POL"]
[SourceTitle "CBM 215 Extra"]
[Source "ChessBase"]
[SourceDate "2023.09.30"]
[SourceVersion "1"]
[SourceVersionDate "2023.09.30"]
[SourceQuality "1"]

1. Nf3 d5 2. d4 Nf6 3. Bf4 e6 4. e3 c5 5. c3 Nc6 6. Nbd2 cxd4 7. exd4 Nh5 8. Be3 Bd6 9. g3 0-0 10. Bg2 f5 11. Qe2 f4 12. gxf4 Nxf4 13. Bxf4 Bxf4 14. 0-0-0 b5 15. Ne5 Nxe5 16. dxe5 b4 17. cxb4 Qc7+ 18. Kb1 Qxe5 19. Qd3 Qf5 20. Nb3 Qxd3+ 21. Rxd3 Ba6 22. Rc3 Bd6 23. Re3 Rxf2 24. Rxe6 Rxg2 25. Rxd6 Bd3+ 26. Ka1 Be4 27. Nc5 Rf8 28. Rc1 Rff2 29. Nxe4 dxe4 30. Rd7 h6 31. Rxa7 Rxb2 32. Rcc7 Rxb4 33. a4 e3 34. Re7 Rd4 35. Rad7 Rxd7 0-1

[Event "Warsaw Maciei Memorial"]
[Site "Warsaw"]
[Date "2023.07.10"]
[Round "1"]
[White "Nowakowski, Maksymilian"]
[Black "Baum, Jonasz"]
[Result "0-1"]
[WhiteElo "1661"]
[BlackElo "2420"]
[PlyCount "54"]
[EventDate "2023.07.10"]
[EventType "swiss (blitz)"]
[EventRounds "11"]
[EventCountry "POL"]
[SourceTitle "CBM 215 Extra"]
[Source "ChessBase"]
[SourceDate "2023.09.30"]
[SourceVersion "1"]
[SourceVersionDate "2023.09.30"]
[SourceQuality "1"]

1. d4 e6 2. c4 b6 3. Nf3 Bb7 4. g3 Bb4+ 5. Bd2 Bxf3 6. exf3 Bxd2+ 7. Nxd2 d5 8. f4 Ne7 9. Bg2 0-0 10. 0-0 c6 11. Rc1 Nd7 12. Nf3 Rc8 13. Ne5 Nf6 14. c5 Ne4 15. b4 b5 16. a4 a6 17. a5 Nf5 18. Re1 Nf6 19. Rc3 Ne7 20. g4 Ng6 21. Nd3 Nh4 22. h3 Ne4 23. Bxe4 dxe4 24. Rxe4 Qd5 25. f3 f5 26. Re3 Qxd4 27. Qd2 Nxf3+ 0-1